[Event "Acropolis Open"]
[Site "Athens GRE"]
[Date "2007.08.18"]
[Round "5"]
[White "Parginos,V"]
[Black "Petraki,M"]
[Result "0-1"]
[WhiteElo "2226"]
[BlackElo "2069"]

1.d4 Nf6 2.c4 g6 3.Nc3 d5 4.cxd5 Nxd5 5.e4 Nxc3 6.bxc3 Bg7 7.Nf3 O-O 8.Be2 c5
9.Rb1 b6 10.O-O Bb7 11.e5 cxd4 12.cxd4 Qd7 13.a4 Rd8 14.Be3 Be4 15.Rc1 Bc6
16.Qd2 Bxa4 17.Bh6 Bb5 18.e6 fxe6 19.Bxg7 Bxe2 20.Qxe2 Kxg7 21.Ng5 Nc6 22.Rxc6 Qxc6
23.Qe5+ Kg8 24.Nxe6 Kf7 25.Re1 Qd6 26.Qg7+ Ke8 27.Nf8 Rac8 28.g3 Rc6 29.Qg8 Rdc8
30.d5 Rc1 31.Rxc1 Rxc1+ 32.Kg2 Rc8 33.h4 a5 34.h5 gxh5 35.Kh2 h4 36.Ne6+ Kd7
37.Qg4 hxg3+ 38.fxg3 Qe5 39.Nc5+ Kd6 40.Qxc8 Qh5+ 41.Kg1 Qd1+ 42.Kg2 Qc2+
43.Kf3 Qxc5 44.Qe6+ Kc7 45.Qe5+ Qd6 46.Qe4 h6 47.Qc4+ Kb7 48.Qb5 e6  0-1

[Event "Acropolis Open"]
[Site "Athens GRE"]
[Date "2007.08.18"]
[Round "5"]
[White "Graf,A"]
[Black "Atakisi,U"]
[Result "1/2-1/2"]
[WhiteElo "2595"]
[BlackElo "2383"]

1.d4 Nf6 2.c4 g6 3.Nc3 d5 4.cxd5 Nxd5 5.e4 Nxc3 6.bxc3 Bg7 7.Qa4+ Nd7 8.Nf3 O-O
9.Be3 c5 10.Rd1 a6 11.Bd3 b5 12.Qa3 Bb7 13.O-O Qc7 14.Rfe1 e6 15.Qb2 Nb6
16.Qd2 cxd4 17.cxd4 Nc4 18.Bxc4 Qxc4 19.Bh6 Rac8 20.Bxg7 Kxg7 21.Ne5 Qc3
22.Qf4 Qc7 23.Qe3 Qe7 24.h3 Rc2 25.Ng4 h5 26.Qh6+ Kg8 27.Ne5 Rfc8 28.Qf4 Kg7
29.d5 Qf6 30.Qg3 h4 31.Qh2 Qxf2+ 32.Kh1 Rd2 33.Ng4 Rxd1 34.Rxd1 Qg3 35.Qg1 Qc3
36.Qf2 exd5 37.Rf1 f6 38.Nxf6 dxe4 39.Ng4 e3 40.Qf7+ Kh8 41.Nf6 Bxg2+ 42.Kxg2 Qc7
43.Qxg6 Qc2+ 44.Qxc2 Rxc2+ 45.Kf3 Rxa2 46.Kxe3 Kg7 47.Nh5+ Kh6 48.Nf4 b4
49.Rg1 a5 50.Rg6+ Kh7 51.Rb6 Ra1 52.Rb5 Kg7 53.Ke4 Kf6 54.Rb6+ Kf7 55.Kf5 Ra3
56.Rb7+ Ke8 57.Rh7 a4 58.Rxh4 Rf3 59.Ke4 b3 60.Rh8+ Kf7 61.Nd3 Rf1 62.Ra8 Ra1
63.Ne5+ Kg7 64.Nc4 a3 65.Rxa3 Rxa3 66.Nxa3 b2 67.Kf5 Kh6 68.Kg4 Kg6 69.Nb1 Kh6
70.Nd2 Kg6 71.h4 Kh6 72.h5 Kg7 73.Kg5 Kh7 74.h6 Kg8 75.Kg6 Kh8 76.h7 b1=Q+
77.Nxb1  1/2-1/2

[Event "Independence Cup A"]
[Site "Kyiv UKR"]
[Date "2007.08.18"]
[Round "6"]
[White "Vdovichenko,V"]
[Black "Dzupin,D"]
[Result "0-1"]
[WhiteElo "2198"]
[BlackElo "2298"]

1.d4 Nf6 2.c4 g6 3.Nc3 d5 4.cxd5 Nxd5 5.e4 Nxc3 6.bxc3 Bg7 7.Nf3 c5 8.Rb1 O-O
9.Be2 cxd4 10.cxd4 Qa5+ 11.Qd2 Qxd2+ 12.Bxd2 b6 13.O-O Bb7 14.d5 f5 15.Bc4 Ba6
16.Rfc1 Bxc4 17.Rxc4 Na6 18.Bg5 fxe4 19.Rxe4 Rf5 20.Rd1 Nc7 21.d6 exd6 22.Rxd6 Rd5
23.Rc6 Rd1+ 24.Re1 Rxe1+ 25.Nxe1 Nd5 26.Bd2 Rd8 27.Nf3 b5 28.a3 Nb6 29.h4 Rc8
30.Rxc8+ Nxc8 31.Be3 Bf8 32.Nd4 a6 33.Nc2 Nd6 34.Bc5 Nc4 35.Bxf8 Kxf8 36.Kf1 Ke7
37.Ke2 Kd6 38.Kd3 Kc5 39.f4 h5 40.Ke4 a5 41.Kf3 a4 42.g4 hxg4+ 43.Kxg4 Nxa3
44.Nxa3 b4 45.Nb1 a3 46.f5 gxf5+ 47.Kxf5 Kc4 48.h5 Kd3 49.h6  0-1

[Event "Open"]
[Site "Ptuj SLO"]
[Date "2007.08.18"]
[Round "8"]
[White "Loncar,R"]
[Black "Jelen,Ig"]
[Result "1/2-1/2"]
[WhiteElo "2444"]
[BlackElo "2371"]

1.d4 Nf6 2.c4 g6 3.Nc3 d5 4.cxd5 Nxd5 5.e4 Nxc3 6.bxc3 Bg7 7.Nf3 c5 8.Be3 O-O
9.Be2 Qa5 10.O-O b6 11.Nd2 Ba6 12.Nc4 Bxc4 13.Bxc4 Nc6 14.Bd5 Rac8 15.Rc1 e6
16.Bb3 cxd4 17.cxd4 Nxd4 18.Rxc8 Rxc8 19.Bxd4 Rd8 20.Bxb6  1/2-1/2

[Event "X Open"]
[Site "Banyoles ESP"]
[Date "2007.08.19"]
[Round "4"]
[White "Feller,S"]
[Black "Ashwin,J"]
[Result "1-0"]
[WhiteElo "2478"]
[BlackElo "2399"]

1.d4 Nf6 2.c4 g6 3.Nc3 d5 4.cxd5 Nxd5 5.e4 Nxc3 6.bxc3 Bg7 7.Bc4 c5 8.Ne2 O-O
9.O-O Nc6 10.Be3 Qc7 11.Rc1 Rd8 12.Bf4 Qd7 13.dxc5 Qe8 14.Bd5 Bd7 15.Qd3 e6
16.Bb3 Na5 17.Qe3 Ba4 18.c4 e5 19.Bg3 Rac8 20.Rfd1 Rxd1+ 21.Rxd1 Nxc4 22.Qc3 Bxb3
23.axb3 Na3 24.b4 Nb5 25.Qc4 Bf6 26.f4 a6 27.fxe5 Bxe5 28.Rd5 Bxg3 29.Nxg3 Qe6
30.Qd3 Qf6 31.e5 Qh4 32.Qe4 Qg5 33.e6 Qe7 34.Rd7 Qxe6 35.Qxe6 fxe6 36.Rxb7 Nc3
37.Kf2 Rd8 38.Ke3 e5 39.Ne4 Nd5+ 40.Kf3 Rf8+ 41.Ke2 Rf7 42.Rb8+ Rf8 43.Rb7 Rf7
44.c6 Nf4+ 45.Ke3 Nd5+ 46.Ke2 Nc7 47.Nd6 Rf6 48.Rxc7 Rxd6 49.Ke3 Kf8 50.Ke4 Ke8
51.Kxe5 Rd2 52.Rxh7 Rxg2 53.c7 Rc2 54.Kd6 Rd2+ 55.Kc6 Rc2+ 56.Kb7  1-0

[Event "X Open"]
[Site "Banyoles ESP"]
[Date "2007.08.20"]
[Round "5"]
[White "Campos Moreno,J"]
[Black "Picard,Ro"]
[Result "1/2-1/2"]
[WhiteElo "2446"]
[BlackElo "2309"]

1.d4 Nf6 2.c4 g6 3.Nc3 d5 4.cxd5 Nxd5 5.e4 Nxc3 6.bxc3 Bg7 7.Be3 c5 8.Rc1 Qa5
9.Qd2 cxd4 10.cxd4 Qxd2+ 11.Bxd2 O-O 12.Nf3 Nc6 13.d5 Nd4 14.Bc3 Nxf3+ 15.gxf3 Bxc3+
16.Rxc3 Rd8 17.Bc4 e6 18.Ke2 exd5 19.Bxd5 Be6 20.Bxb7 Rab8 21.Rc7 Bxa2 22.Ra1 Bc4+
23.Ke3 Rd3+ 24.Kf4 a6 25.Ra5 Rd6 26.Kg3 Rb6 27.Bc8 Bb5 28.h4 h5 29.Ra2 Ra8
30.Bb7 Ra7 31.Rc8+ Kg7 32.Bd5 Bd7 33.Rc5 Rb5 34.Rc3 a5 35.Raa3 a4 36.Rc4 Rba5
37.f4 Kf8 38.f3 Ke7  1/2-1/2

[Event "1st Serbian League Men"]
[Site "Zlatibor SRB"]
[Date "2007.08.20"]
[Round "9"]
[White "Tosic,M"]
[Black "Nestorovic,De"]
[Result "1/2-1/2"]
[WhiteElo "2437"]
[BlackElo "2384"]

1.d4 Nf6 2.c4 g6 3.Nc3 d5 4.cxd5 Nxd5 5.e4 Nxc3 6.bxc3 Bg7 7.Bc4 O-O 8.Ne2 Nc6
9.O-O b6 10.Be3 Bb7  1/2-1/2

[Event "15th Open"]
[Site "Nikea GRE"]
[Date "2007.08.25"]
[Round "3"]
[White "Samaras,E"]
[Black "Dounis,A"]
[Result "0-1"]
[WhiteElo "1906"]
[BlackElo "2190"]

1.d4 Nf6 2.c4 g6 3.Nc3 d5 4.cxd5 Nxd5 5.e4 Nxc3 6.bxc3 Bg7 7.Bc4 c5 8.Ne2 O-O
9.Be3 Nc6 10.Rc1 Qc7 11.O-O Rd8 12.f4 Bg4 13.h3 Bxe2 14.Bxe2 cxd4 15.cxd4 Qb6
16.e5 Nxd4 17.Bc4 e6 18.Kh1 Rd7 19.Qa4 Rad8 20.Rfd1 Bf8 21.Rb1 Qc6 22.Bb5 Nxb5
23.Rxd7 Rxd7 24.Qxb5 Qxb5 25.Rxb5 b6 26.Rb2 Rd3 27.Bf2 Bc5 28.Bxc5 bxc5 29.Rc2 Rd5
30.Kh2 Kf8 31.Rc4 Ke7 32.Ra4 Rd7 33.Ra6 Rc7 34.Kg3 c4 35.Kf2 c3 36.Ke2 c2  0-1

[Event "USCL 2007"]
[Site "ICC INT"]
[Date "2007.08.29"]
[Round "1"]
[White "Krush,I"]
[Black "Kaufman,La"]
[Result "0-1"]
[WhiteElo "2479"]
[BlackElo "2393"]

1.d4 Nf6 2.c4 g6 3.Nc3 d5 4.cxd5 Nxd5 5.e4 Nxc3 6.bxc3 Bg7 7.Qa4+ Qd7 8.Qxd7+ Nxd7
9.Nf3 b6 10.Bd3 Bb7 11.Ke2 O-O 12.Bf4 c5 13.Rac1 e6 14.Rhd1 Rac8 15.Ne5 Nxe5
16.dxe5 Rfd8 17.Bg5 Rd7 18.f4 h6 19.Bf6 Bxf6 20.exf6 Rcd8 21.g3 Bc6 22.Bc2 Rxd1
23.Rxd1 Rxd1 24.Kxd1 b5 25.a3 a5 26.Bd3 Kf8 27.e5 Ke8 28.Kd2 Kd8 29.Be2 Kc7
30.h4 Be8 31.h5 gxh5 32.Bxh5 Kc6 33.Bf3+ Kb6 34.f5 Kc7 35.Bh5 Kd7 36.g4 exf5
37.gxf5 Kd8 38.Kc2 Kd7 39.Kb2 Kd8 40.Kb3 Kd7 41.e6+ fxe6 42.fxe6+ Kxe6 43.Bxe8 b4
44.f7 Ke7 45.a4 Kf8 46.Kc4 h5 47.cxb4 cxb4 48.Bc6 Kxf7 49.Kb5 Ke6 50.Kxa5 b3
51.Kb4 b2 52.Be4 Ke5 53.Bd3 h4  0-1

[Event "13th Open"]
[Site "Chambery FRA"]
[Date "2007.08.30"]
[Round "3"]
[White "Estremera Panos,S"]
[Black "Massoni,M"]
[Result "1/2-1/2"]
[WhiteElo "2375"]
[BlackElo "2108"]

1.d4 Nf6 2.c4 g6 3.Nc3 d5 4.cxd5 Nxd5 5.e4 Nxc3 6.bxc3 Bg7 7.Bc4 c5 8.Ne2 Nc6
9.Be3 cxd4 10.cxd4 b5 11.Bd5 Bd7 12.Rc1 Rc8 13.Bxc6 Bxc6 14.d5 Bb7 15.Rxc8 Qxc8
16.O-O O-O 17.Qd2 f5 18.Nf4 fxe4 19.Ne6 Bc3 20.Qc2 Rf5 21.Rc1 Rxd5 22.Nf4 Rd8
23.h4 e5 24.Qb3+ Qc4 25.Qxc4+ bxc4 26.Ne6 Rd3 27.Nc5 Rxe3 28.fxe3 Bd2 29.Rxc4 Bxe3+
30.Kf1 Bd5 31.Rc2 g5 32.Nd7 Bb7 33.Nf6+ Kg7 34.Rc7+ Kxf6 35.hxg5+ Kxg5 36.Rxb7 h5
37.Ke2 Bd4 38.Rg7+ Kf4 39.Rh7 Kg5 40.Rg7+ Kf4 41.Rh7 Kg5 42.Rg7+  1/2-1/2

[Event "29th Southern CA Open"]
[Site "Los Angeles USA"]
[Date "2007.09.02"]
[Round "4"]
[White "Moussa,A"]
[Black "Lawrence,D"]
[Result "1-0"]
[WhiteElo "2221"]
[BlackElo "2051"]

1.d4 Nf6 2.c4 g6 3.Nc3 d5 4.cxd5 Nxd5 5.e4 Nxc3 6.bxc3 Bg7 7.Be3 c5 8.Qd2 O-O
9.Nf3 cxd4 10.cxd4 Nc6 11.Rd1 Bg4 12.Be2 Qa5 13.O-O Rfd8 14.d5 b6 15.h3 Bxf3
16.Bxf3 Rac8 17.Bg4 Rc7 18.Qc1 h5 19.dxc6 Rxd1 20.Bxd1 Qxa2 21.Bf4 e5 22.Bg5 Qe6
23.Ba4 f6 24.Qc2 Qc8 25.Be3 f5 26.Bg5 Bf8 27.Rd1 Be7 28.Bxe7 Rxe7 29.Rd7  1-0

[Event "FSGM September"]
[Site "Budapest HUN"]
[Date "2007.09.03"]
[Round "3"]
[White "Rajlich,I"]
[Black "Wittmann,W"]
[Result "1-0"]
[WhiteElo "2406"]
[BlackElo "2313"]

1.d4 Nf6 2.c4 g6 3.Nc3 d5 4.cxd5 Nxd5 5.e4 Nxc3 6.bxc3 Bg7 7.Nf3 c5 8.Rb1 O-O
9.Be2 b6 10.O-O Bb7 11.Qd3 Qc7 12.d5 Nd7 13.Rd1 Ne5 14.Nxe5 Qxe5 15.c4 e6
16.f4 Qd4+ 17.Be3 Qxd3 18.Bxd3 Ba6 19.Bf2 Rfe8 20.e5 f6 21.dxe6 Rad8 22.Be2 Rxd1+
23.Rxd1 fxe5 24.Rd7 Bc8 25.Bh4 exf4 26.Bf3 h6 27.Bd5 g5 28.e7+ Kh7 29.Be4+ Kg8
30.Rd8  1-0

[Event "26th OCF NAO Fide Open"]
[Site "Stillwater USA"]
[Date "2007.09.03"]
[Round "9"]
[White "Steiner,Ti"]
[Black "Movsisyan,M"]
[Result "1-0"]
[WhiteElo "2128"]
[BlackElo "2257"]

1.d4 Nf6 2.c4 g6 3.Nc3 d5 4.cxd5 Nxd5 5.e4 Nxc3 6.bxc3 Bg7 7.Nf3 c5 8.Be2 O-O
9.Rb1 cxd4 10.cxd4 Qa5+ 11.Bd2 Qxa2 12.O-O Bg4 13.Rxb7 e6 14.Qc1 Bxf3 15.Bxf3 Nc6
16.Qxc6 Qxd2 17.Rd1 Qf4 18.e5 Rac8 19.g3 Rxc6 20.gxf4 Ra6 21.d5 exd5 22.Rxd5 Bh6
23.Rd4 Bg7 24.Rdd7 g5 25.Bd5 gxf4 26.Rxf7 Rxf7 27.Rxf7 Ra5 28.Rd7+ Kf8 29.e6 Rc5
30.Rf7+ Ke8 31.Bb3 Rc1+ 32.Kg2 f3+ 33.Kh3 Ra1 34.Rxg7 Ra3 35.Bd5 Rc3 36.Rxa7 Rc5
37.Bxf3 Re5 38.Rxh7 Rxe6 39.Bg4 Rb6 40.Kg3  1-0

[Event "12th ch-Asia w"]
[Site "Tehran IRI"]
[Date "2007.09.06"]
[Round "4"]
[White "Tan Zhongyi"]
[Black "Zhang Jilin"]
[Result "1/2-1/2"]
[WhiteElo "2276"]
[BlackElo "2338"]

1.d4 Nf6 2.c4 g6 3.Nc3 d5 4.cxd5 Nxd5 5.e4 Nxc3 6.bxc3 Bg7 7.Nf3 O-O 8.Be2 c5
9.O-O cxd4 10.cxd4 Nc6 11.Be3 Bg4 12.d5 Ne5 13.Nxe5 Bxe2 14.Qxe2 Bxe5 15.Rab1 Qd7
16.Rfc1 Rfc8 17.f4 Bd6 18.e5 Ba3 19.Rxc8+ Rxc8 20.Qd3 Qa4 21.f5 gxf5 22.Qxf5 Qc2
23.Qxc2 Rxc2 24.Rxb7 Bc1 25.Bxc1 Rxc1+ 26.Kf2 Rd1 27.Rxe7 Rxd5 28.Rxa7 Rxe5
29.Rd7 Ra5 30.Rd2 Ra3 31.Ke2 Kg7 32.Kd1 Kg6 33.Kc1 h5 34.Kb2 Ra8 35.Rd4 Kg5
36.a4 h4 37.Kb3 f5 38.Rd2 Kg4 39.Kb4 f4 40.Rd3 Rb8+ 41.Ka3 Rg8 42.h3+ Kf5
43.Rd2 f3 44.Rf2 Rxg2 45.Rxf3+ Ke4 46.Rf8 Rg3+ 47.Kb4 Rxh3 48.a5 Rh1 49.a6 h3
50.Rh8 h2 51.a7  1/2-1/2

[Event "FSGM September"]
[Site "Budapest HUN"]
[Date "2007.09.11"]
[Round "11"]
[White "Berczes,D"]
[Black "Fogarasi,T"]
[Result "1/2-1/2"]
[WhiteElo "2450"]
[BlackElo "2425"]

1.d4 Nf6 2.c4 g6 3.Nc3 d5 4.cxd5 Nxd5 5.e4 Nxc3 6.bxc3 Bg7 7.Bc4 c5 8.Ne2 Nc6
9.Be3 cxd4 10.cxd4 Qa5+ 11.Bd2 Qd8 12.d5 Ne5 13.Bc3 O-O 14.Bb3 Qb6 15.f4 Nd7
16.Bxg7 Kxg7 17.Qd4+ Qxd4 18.Nxd4 Nc5 19.Bc2 Rd8 20.Rd1 e6 21.O-O exd5 22.e5 Ne4
23.Rfe1  1/2-1/2

[Event "3rd Geller mem Open A"]
[Site "Odessa UKR"]
[Date "2007.09.11"]
[Round "4"]
[White "Bagrationi,A"]
[Black "Kovalev,De"]
[Result "0-1"]
[WhiteElo "2164"]
[BlackElo "2433"]

1.d4 Nf6 2.c4 g6 3.Nc3 d5 4.cxd5 Nxd5 5.e4 Nxc3 6.bxc3 Bg7 7.Nf3 O-O 8.Rb1 b6
9.Be2 c5 10.O-O Bb7 11.Qc2 cxd4 12.cxd4 Qc8 13.Qd3 Ba6 14.Qe3 Bxe2 15.Qxe2 Qa6
16.Qxa6 Nxa6 17.Ba3 Rfc8 18.Bxe7 Re8 19.Bg5 Rxe4 20.Rfd1 h6 21.Be3 Nc7 22.Rd3 Nd5
23.a4 Rc8 24.Bd2 f5 25.h3 a6 26.Kf1 Rc4 27.a5 b5 28.Re1 Rxe1+ 29.Bxe1 Bf8
30.Bd2 Rc2 31.Ne5 b4 32.Nd7 Ra2 33.Nb6 Rxa5 34.Nc4 Ra2  0-1

[Event "3rd Geller mem Open A"]
[Site "Odessa UKR"]
[Date "2007.09.12"]
[Round "5"]
[White "Korobov,A"]
[Black "Nedilko,V"]
[Result "1-0"]
[WhiteElo "2530"]
[BlackElo "2400"]

1.d4 Nf6 2.c4 g6 3.Nc3 d5 4.cxd5 Nxd5 5.e4 Nxc3 6.bxc3 Bg7 7.Bc4 c5 8.Ne2 Nc6
9.Be3 O-O 10.O-O Bd7 11.Rb1 Qc7 12.d5 Na5 13.Bd3 e5 14.f4 exf4 15.Bxf4 Be5
16.Qd2 Bxf4 17.Rxf4 Qe5 18.Rbf1 f6 19.Kh1 b6 20.Ng1 Nb7 21.Nf3 Qe7 22.h4 Nd6
23.g4 Nf7 24.g5 fxg5 25.hxg5 Ne5 26.Nxe5 Qxe5 27.Qf2 Rxf4 28.Qxf4 Qxf4 29.Rxf4 Re8
30.Kh2 Re5 31.Rf6 Rxg5 32.Rd6 Ba4 33.Rd8+ Kf7 34.Ra8 Kf6 35.Rxa7 Bd1 36.Ra8 Ke5
37.Re8+ Kf4 38.d6 Rh5+ 39.Kg1 Kg3 40.Rf8 Bf3 41.Rxf3+ Kxf3 42.d7 Rg5+ 43.Kf1  1-0

[Event "Czech Coal"]
[Site "Carlsbad CZE"]
[Date "2007.09.14"]
[Round "6"]
[White "Ponomariov,R"]
[Black "Shirov,A"]
[Result "1/2-1/2"]
[WhiteElo "2706"]
[BlackElo "2735"]

1.d4 Nf6 2.c4 g6 3.Nc3 d5 4.cxd5 Nxd5 5.e4 Nxc3 6.bxc3 Bg7 7.Be3 c5 8.Nf3 Qa5
9.Qd2 Nc6 10.Rb1 O-O 11.Rb5 cxd4 12.Rxa5 dxe3 13.Qxe3 Nxa5 14.h4 Be6 15.h5 Nc4
16.Bxc4 Bxc4 17.e5 Rfd8 18.Rh4 Bxa2 19.hxg6 hxg6 20.Ra4 Bd5 21.Rxa7 Rxa7
22.Qxa7 Bxf3 23.gxf3 Bxe5 24.Qa5 Bxc3+ 25.Qxc3 e6 26.Qc7  1/2-1/2

[Event "LNA Copa Puma"]
[Site "Argentina ARG"]
[Date "2007.09.15"]
[Round "6"]
[White "Bernal,G"]
[Black "Alza,A"]
[Result "1-0"]
[WhiteElo "2107"]
[BlackElo "2122"]

1.d4 Nf6 2.c4 g6 3.Nc3 d5 4.cxd5 Nxd5 5.e4 Nxc3 6.bxc3 Bg7 7.Nf3 c5 8.Be2 O-O
9.O-O Nc6 10.Be3 Qc7 11.Rc1 e6 12.Qa4 Bd7 13.Qa3 Na5 14.Qxc5 Qxc5 15.dxc5 Rfc8
16.Bd4 Bf8 17.Ne5 Ba4 18.Ng4 Bxc5 19.Nf6+ Kh8 20.h4 Bxd4 21.cxd4 Kg7 22.Ng4 Rd8
23.h5 gxh5 24.Ne5 Rxd4 25.Bxh5 Rxe4 26.f4 f6 27.Rc7+ Kh8 28.Nf7+ Kg8 29.Rf3 Rc4
30.Nh6+ Kh8 31.Re7 Bd1 32.Rh3 Rc1 33.Kh2 Bxh5 34.Rxh5 Nc6 35.Rc7 Re8 36.Rh3 Rc5
37.f5 Rc4 38.fxe6 Ne5 39.Nf7+ Kg8 40.Rg3+ Kf8 41.Rxb7 Rxe6 42.Nxe5 fxe5 43.Rxa7 Rh4+
44.Kg1 e4 45.Kf2 Rh5 46.Rgg7 e3+ 47.Ke2 Rf5 48.Rxh7 Kg8 49.Rhc7 Re8 50.Rg7+ Kf8
51.g4 Rf2+ 52.Ke1 e2 53.Rae7 Rxe7 54.Rxe7 Rg2 55.Re4 Rg3 56.a4 Rg2 57.a5 Rg1+
58.Kxe2 Ra1 59.Re5 Kf7 60.Kf3 Kf6 61.Rf5+ Kg6 62.Rb5 Ra4 63.Kg3 Ra1 64.Kf4 Ra4+
65.Kf3 Kf6 66.g5+ Kg6 67.Ke3 Rg4 68.Kd3 Rf4 69.Kc3 Ra4 70.Kb3 Rg4 71.a6 Rg1
72.Ra5 Rb1+ 73.Kc4  1-0

[Event "4NCL"]
[Site "Sunningdale ENG"]
[Date "2007.09.16"]
[Round "2"]
[White "Williams,Sa"]
[Black "Knott,S"]
[Result "0-1"]
[WhiteElo "2254"]
[BlackElo "2377"]

1.d4 Nf6 2.c4 g6 3.Nc3 d5 4.cxd5 Nxd5 5.e4 Nxc3 6.bxc3 Bg7 7.Nf3 c5 8.Rb1 O-O
9.Be2 Nc6 10.d5 Bxc3+ 11.Bd2 Bxd2+ 12.Qxd2 Na5 13.h4 Bg4 14.Ng5 Bxe2 15.Kxe2 h6
16.Nf3 Kh7 17.Qc3 b6 18.Ng5+ Kg8 19.h5 Qc8 20.Nh7 Qa6+ 21.Ke1 Kxh7 22.hxg6+ fxg6
23.Qe3 h5 24.g4 Nc4 25.Qe2 Qa5+ 26.Kd1 Qc3 27.gxh5 g5  0-1

[Event "6th ch-Asia"]
[Site "Cebu City PHI"]
[Date "2007.09.19"]
[Round "1"]
[White "Yueh Wei Po"]
[Black "Gopal,G"]
[Result "0-1"]
[WhiteElo "2044"]
[BlackElo "2480"]

1.d4 Nf6 2.c4 g6 3.Nc3 d5 4.cxd5 Nxd5 5.e4 Nxc3 6.bxc3 Bg7 7.Bc4 c5 8.Ne2 O-O
9.O-O Nc6 10.Be3 Bd7 11.Rb1 a6 12.Qd2 b5 13.Bd3 cxd4 14.cxd4 Qa5 15.Rfd1 Rac8
16.f4 e6 17.e5 Qxd2 18.Bxd2 Rfd8 19.Rbc1 Bf8 20.Kf2 Nb4 21.Bxb4 Bxb4 22.Rxc8 Rxc8
23.Rc1 Rxc1 24.Nxc1 Bd2 25.Ne2 Bc6 26.g3 Bd5 27.Bb1 a5 28.Ng1 Bc4 29.Nf3 Bc1
30.Ke1 b4 31.Nd2 Bxd2+ 32.Kxd2 a4 33.Kc2 a3 34.h3 h5 35.h4 Kf8 36.Kc1 Ke7
37.Kc2 Kd7 38.Kc1 Kc7 39.Kc2 Kb6 40.Kc1 Bd5 41.Kd2 b3 42.axb3 Bxb3  0-1

[Event "17th Senior WCh"]
[Site "Gmunden AUT"]
[Date "2007.09.23"]
[Round "6"]
[White "Kaminik,A"]
[Black "Murey,J"]
[Result "1/2-1/2"]
[WhiteElo "2288"]
[BlackElo "2417"]

1.d4 Nf6 2.c4 g6 3.Nc3 d5 4.cxd5 Nxd5 5.e4 Nxc3 6.bxc3 Bg7 7.Bc4 c5 8.Ne2 Nc6
9.Be3 O-O 10.O-O Bg4 11.f3 Na5 12.Bd5 cxd4 13.cxd4 Bd7 14.Rb1 a6 15.Bxb7 Ra7
16.Bd5 e6 17.Bb3 Nxb3 18.Qxb3 Bb5 19.Rfe1 Rd7 20.Nc3 Rxd4 21.Rbd1 Bc4 22.Qa4 Rxd1
23.Rxd1 Qc7 24.Rc1 Rd8 25.Ne2 Bb5 26.Rxc7 Bxa4 27.Kf2 h5 28.f4 Bb2 29.e5 Rd3
30.Bc5 g5 31.Be7 gxf4 32.Bf6 Bd4+ 33.Nxd4 Rxd4 34.g3 Bb5 35.gxf4 Kh7 36.Ke3 Rd3+  1/2-1/2

[Event "17th Senior WCh"]
[Site "Gmunden AUT"]
[Date "2007.09.26"]
[Round "9"]
[White "Farago,I"]
[Black "Jansa,Vl"]
[Result "1/2-1/2"]
[WhiteElo "2501"]
[BlackElo "2494"]

1.d4 Nf6 2.c4 g6 3.Nc3 d5 4.cxd5 Nxd5 5.e4 Nxc3 6.bxc3 Bg7 7.Bg5 c5 8.Rc1 O-O
9.Nf3 Bg4 10.d5 f5 11.Qb3 Kh8 12.Nd2 Nd7  1/2-1/2

[Event "17th Senior WCh"]
[Site "Gmunden AUT"]
[Date "2007.09.27"]
[Round "10"]
[White "Karasev,Vl"]
[Black "Jansa,Vl"]
[Result "0-1"]
[WhiteElo "2388"]
[BlackElo "2494"]

1.d4 Nf6 2.c4 g6 3.Nc3 d5 4.cxd5 Nxd5 5.e4 Nxc3 6.bxc3 Bg7 7.Bc4 O-O 8.Ne2 c5
9.O-O Nc6 10.Be3 Na5 11.Bd3 b6 12.Rc1 cxd4 13.cxd4 e6 14.Qd2 Bb7 15.Bh6 Qe7
16.Bxg7 Kxg7 17.Qf4 Rac8 18.h4 Nc6 19.h5 e5 20.Qe3 exd4 21.Nxd4 Ne5 22.Be2 Nd7
23.Rxc8 Rxc8 24.Bg4 Rc5 25.Bxd7 Qxd7 26.Rd1 Qe7 27.h6+ Kf8 28.f3 Ke8 29.Nb3 Rc7
30.Qf4 Bc8 31.Kh2 g5 32.Qg3 Rc6 33.Kg1 f6 34.Nd4 Rd6 35.Rc1 Bd7 36.Qf2 Qe5
37.Nf5 Bxf5 38.exf5 Qxf5 39.Qg3 Qd7 40.Kh2 Kf7 41.Rc8 f5 42.Qxg5 Qxc8 43.Qg7+ Ke6
44.Qxh7 Qf8 45.g4 fxg4 46.Qe4+ Kf7 47.Qh7+ Ke8 48.Qe4+ Qe7 49.Qa8+ Kf7 50.Kg3 Qe5+
51.f4 Qe3+ 52.Kxg4 Rg6+  0-1

[Event "TCh-BEL 2007-8"]
[Site "Belgium BEL"]
[Date "2007.09.30"]
[Round "1"]
[White "Feller,S"]
[Black "Popovic,Pe"]
[Result "1/2-1/2"]
[WhiteElo "2513"]
[BlackElo "2474"]

1.d4 Nf6 2.c4 g6 3.Nc3 d5 4.cxd5 Nxd5 5.e4 Nxc3 6.bxc3 Bg7 7.Bc4 c5 8.Ne2 Nc6
9.Be3 O-O 10.O-O Qc7 11.Rc1 Rd8 12.Bf4 Qd7 13.dxc5 Qe8 14.Bd5 Ne5 15.Qb3 e6
16.Bxe5 Bxe5 17.Bxb7 Rb8 18.c6 Bxb7 19.cxb7 Qc6 20.Nd4 Qc7 21.Rb1 Rd7 22.Nf3 Bf6
23.c4 Be7 24.Qa4 Rxb7 25.Rxb7 Qxb7 26.Ne5 Rd2 27.Qe8+ Bf8 28.c5 Qc7 29.Nf3 Rd8
30.Qb5 Qxc5 31.Qxc5 Bxc5 32.Rb1 Bb6 33.Kf1 Rc8 34.Rb2 Rc4 35.Nd2 Rc3 36.Ke2 Kg7
37.Nf3 Kf6 38.Kd2 Ra3 39.Ke2 Rc3 40.Kd2 Rc4 41.Kd3 Ra4 42.h3 Ke7 43.Re2 h6
44.Ne5 Rd4+ 45.Kc2 Kf6 46.Ng4+ Kg7 47.Ne5 g5 48.f3 Ba5 49.Kb3 Rb4+ 50.Kc2 Bc7
51.Nd3  1/2-1/2

[Event "WJun"]
[Site "Yerevan ARM"]
[Date "2007.10.03"]
[Round "1"]
[White "Alvarez Ramirez,M"]
[Black "Ashwin,J"]
[Result "1/2-1/2"]
[WhiteElo "2204"]
[BlackElo "2478"]

1.d4 Nf6 2.c4 g6 3.Nc3 d5 4.cxd5 Nxd5 5.e4 Nxc3 6.bxc3 Bg7 7.Nf3 c5 8.Rb1 O-O
9.Be2 b6 10.O-O Bb7 11.Qd3 e6 12.Bf4 cxd4 13.cxd4 Nc6 14.d5 exd5 15.exd5 Ne7
16.d6 Nd5 17.Bg3 Re8 18.Rfe1 Bf8 19.Qa3 Re6 20.Nd4 Rf6 21.Bh4 Qxd6 22.Qb3 g5
23.Bxg5 Rg6 24.Nf5 Qe5 25.Ba6 Qb8 26.Bxb7 Qxb7 27.Re5 Rxg5 28.Rxd5 Re8 29.g3 Rg6
30.Rbd1 Rge6 31.Qf3 Qa6 32.Kg2 Qb7 33.Rd7 Qxf3+ 34.Kxf3 Re5 35.g4 Ra5 36.Rd8 Ra3+
37.Kf4 Rxd8 38.Rxd8 f6 39.Nd4 Kf7 40.Kf5 Ra5+ 41.Ke4 Rxa2 42.Rd7+ Ke8 43.Rxh7  1/2-1/2

[Event "WJun"]
[Site "Yerevan ARM"]
[Date "2007.10.04"]
[Round "2"]
[White "Nasri,A"]
[Black "Gopal,G"]
[Result "0-1"]
[WhiteElo "2364"]
[BlackElo "2520"]

1.d4 Nf6 2.c4 g6 3.Nc3 d5 4.cxd5 Nxd5 5.e4 Nxc3 6.bxc3 Bg7 7.Bc4 c5 8.Ne2 O-O
9.O-O Nc6 10.Be3 Bd7 11.Rb1 a6 12.dxc5 Qc7 13.f4 Na5 14.Bd3 Rad8 15.Qc2 Be6
16.Rfd1 Nc4 17.Bxc4 Bxc4 18.Rxd8 Rxd8 19.Rb4 Bd3 20.Qb2 Bxe2 21.Qxe2 Bxc3
22.Rc4 Qa5 23.h3 Qb5 24.Kf2 Qa5 25.Kg1 Bd2 26.Rc2 Bxe3+ 27.Qxe3 Qb4 28.a3 Qb1+
29.Rc1 Qb2 30.Rf1 Rd2 31.Qf3 Qd4+ 32.Kh1 Qxc5 33.f5 Qc4 34.a4 Re2 35.Rb1 b5
36.fxg6 hxg6 37.axb5 axb5 38.Kh2 b4 39.Rxb4 Rxg2+ 40.Qxg2 Qxb4 41.Qc2 Qe1
42.Kg2 Qe3 43.Qc6 Qg5+ 44.Kh2 Kg7 45.Qb7 e5 46.Qd5 Qf4+ 47.Kg2 Kh6 48.Qa8 Kg5
49.Qd8+ f6 50.Qa8 Qd2+ 51.Kf3 Qd3+  0-1

[Event "WJun"]
[Site "Yerevan ARM"]
[Date "2007.10.04"]
[Round "2"]
[White "Pashikian,A"]
[Black "Llaneza Vega,M"]
[Result "1-0"]
[WhiteElo "2534"]
[BlackElo "2426"]

1.d4 Nf6 2.c4 g6 3.Nc3 d5 4.cxd5 Nxd5 5.e4 Nxc3 6.bxc3 Bg7 7.Bc4 c5 8.Ne2 O-O
9.O-O Nc6 10.Be3 Bd7 11.Rb1 Rc8 12.dxc5 Na5 13.Bb5 Bg4 14.f3 Be6 15.Qa4 a6
16.Rfd1 Qc7 17.Bd7 Bc4 18.Bxc8 Bxe2 19.Bg4 Bxd1 20.Rxd1 Rd8 21.Rxd8+ Qxd8
22.Qd7 Qxd7 23.Bxd7 Bxc3 24.Kf1 e5 25.Ke2 Kf8 26.Kd3 Bb4 27.Bc8 Ke8 28.c6 bxc6
29.Bb6 Ke7 30.Bxa6 Kd7 31.g4 g5 32.Be3 f6 33.Bb6 c5 34.Bb5+ Ke7 35.a3 c4+
36.Kc2 Be1 37.Bc5+ Kd8 38.h3 Nb7 39.Bb6+ Ke7 40.Bxc4 Kd6 41.Bd5 Nc5 42.Bd8 Nd7
43.a4 h6 44.Kd3 Bf2 45.a5 Bg1 46.Kc4 Bf2 47.Kb5 Be1 48.a6 Bf2 49.Bc6  1-0

[Event "Open"]
[Site "Corfu GRE"]
[Date "2007.10.05"]
[Round "5"]
[White "Makryniotis,K"]
[Black "Tourkolias,D"]
[Result "1-0"]
[WhiteElo "1852"]
[BlackElo "1872"]

1.d4 Nf6 2.c4 g6 3.Nc3 d5 4.cxd5 Nxd5 5.e4 Nxc3 6.bxc3 Bg7 7.Bc4 c5 8.Ne2 O-O
9.O-O Nc6 10.Be3 Qc7 11.Rc1 Rd8 12.Qd2 Qa5 13.Qb2 a6 14.Bd5 Bd7 15.dxc5 e6
16.Bxc6 Bxc6 17.f3 Rd3 18.Bd4 e5 19.Bf2 Rad8 20.Qb1 Rd2 21.Rc2 Bb5 22.c4 Bc6
23.Nc3 Bf8 24.Nd5 Rxc2 25.Qxc2 Bxc5 26.Rc1 Kg7 27.h3 f5 28.Kh2 fxe4 29.fxe4 Rf8
30.Bh4 Bd4 31.Qe2 Qc5 32.Be7 Rf2 33.Qxf2 Bxf2 34.Bxc5 Bxc5 35.Kg3 Bd7 36.Kf3 Kf7
37.g4 h6 38.Kg3 Kg7 39.Rb1 Bc6 40.Rf1 Bd4 41.Rb1 Bc5 42.Kf3 Bd6 43.Ke2 Bc5
44.Kd3 Bd6 45.Nb4 Bd7 46.Nxa6 Bc8 47.Nb4 h5 48.Nd5 hxg4 49.hxg4 Bc5 50.Rb5 Bd4
51.a4 Kf7 52.g5 Ke6 53.Nf4+ Kf7 54.Ne2 Ba1 55.Nc3 Ke6 56.Rb6+ Kf7 57.Rb1 Bxc3
58.Kxc3 Ke6 59.Rb6+ Kf7 60.Kb4 Kg7 61.Kc5 Kf7 62.Kd6  1-0

[Event "FSGM October"]
[Site "Budapest HUN"]
[Date "2007.10.08"]
[Round "3"]
[White "Prohaszka,P2"]
[Black "Wittmann,W"]
[Result "1-0"]
[WhiteElo "2470"]
[BlackElo "2304"]

1.d4 Nf6 2.c4 g6 3.Nc3 d5 4.cxd5 Nxd5 5.e4 Nxc3 6.bxc3 Bg7 7.Bc4 c5 8.Ne2 O-O
9.O-O Nc6 10.Be3 Na5 11.Bd3 b6 12.Rc1 e5 13.dxc5 Qc7 14.cxb6 axb6 15.c4 Be6
16.c5 Rfd8 17.cxb6 Qd7 18.Bb1 Qe8 19.Qe1 Nc4 20.Nc3 Rab8 21.Qe2 Nxb6 22.Bd3 Na4
23.Nxa4 Qxa4 24.Bc4 Bxc4 25.Rxc4 Qa3 26.g3 Rb2 27.Rc2 Rdb8 28.Rfc1 Bf8 29.Rxb2 Rxb2
30.Rc2 Rb1+ 31.Kg2 Qb4 32.Rc4 Qa3 33.Rc8 Kg7 34.Qd2 Bd6 35.Bh6+ Kf6 36.Rc6 Ke7
37.Rxd6  1-0

[Event "FSIM October"]
[Site "Budapest HUN"]
[Date "2007.10.10"]
[Round "5"]
[White "Gauri,S"]
[Black "Vegh,E"]
[Result "0-1"]
[WhiteElo "2251"]
[BlackElo "2303"]

1.d4 Nf6 2.c4 g6 3.Nc3 d5 4.cxd5 Nxd5 5.e4 Nxc3 6.bxc3 Bg7 7.Nf3 c5 8.Rb1 O-O
9.Be2 b6 10.O-O Bb7 11.Qd3 e6 12.Bg5 Qc7 13.Qe3 Nd7 14.e5 Rae8 15.Rfe1 a6
16.Bf1 b5 17.Nd2 f6 18.exf6 cxd4 19.cxd4 Nxf6 20.Bf4 Qf7 21.Bg3 Nd5 22.Qd3 Nf4
23.Qe3 Nd5 24.Qd3 Nf4 25.Qe3 Bh6 26.Qc3 Nh3+ 27.Kh1 Nxf2+ 28.Kg1 Bxd2 29.Qxd2 Ne4
30.Qe3 Nxg3 31.Qxg3 Bd5 32.a4 bxa4 33.Ra1 Rb8 34.Rxa4 Rb3 35.Qh4 Rb2 36.Qg3 Rb3
37.Qh4 Qf5 38.Raa1 g5 39.Qh5 Ra3 40.Rac1 Ra2 41.Re2 Qf4 42.Ree1 Qxf1+ 43.Rxf1 Rxg2+
44.Kh1 Rg4+  0-1